|
|
|
|
| LEADER |
00895nam a2200289 4500 |
| 001 |
DLU090079272 |
| 005 |
##20090608 |
| 040 |
# |
# |
|a DLU
|b eng
|
| 041 |
# |
# |
|a eng
|
| 044 |
# |
# |
|a UK
|
| 100 |
# |
# |
|a Vulanovicc, Relja.
|
| 245 |
# |
# |
|a Super-time-stepping for nonlinear singular perturbation problems /
|c Relja Vulanovicc.
|
| 653 |
# |
# |
|a Boundary value problem
|
| 653 |
# |
# |
|a Finite-difference method
|
| 653 |
# |
# |
|a Nonlinear solver
|
| 653 |
# |
# |
|a Singular perturbation
|
| 653 |
# |
# |
|a Super-time-stepping
|
| 773 |
# |
# |
|t Nonlinear Analysis, Theory, Methods & Applications
|g Vol. 30, part 1 (December 1997), p. 67-72
|
| 920 |
# |
# |
|a Phòng Tạp chí -- Trung tâm Thông tin - Thư viện Trường Đại học Đà Lạt
|
| 994 |
# |
# |
|a DLU
|
| 900 |
# |
# |
|a True
|
| 911 |
# |
# |
|a Trương Bảo Trâm Anh
|
| 925 |
# |
# |
|a G
|
| 926 |
# |
# |
|a A
|
| 927 |
# |
# |
|a BB
|
| 980 |
# |
# |
|a Thư viện Trường Đại học Đà Lạt
|